000 012690000a22003130004500
003 EG-GICUC
005 20250223032951.0
008 070414s2003 ua a f m 000 0 Eng d
040 _aEG-GICUC
_beng
_cEG-GICUC
041 0 _aEng
049 _aDeposite
097 _aM.Sc
099 _aCai01.13.04.M.Sc.2003.Kh.M
100 0 _aKhaled Shokry Ghase
245 1 0 _aManufacturing of new polymers formulations resistant to toxic agents /
_cKhaled Shokry Ghase ; Supervised Sayed Abd El magied Sherif , Mostafa Kamel Hadhood , Sahar Mohamed Elmarsafy
246 1 5 _aتصنيع خلطات بوليمرية جديدة مقاومة للمواد السامة
260 _aCairo :
_bKhaled Shokry Ghase ,
_c2003
300 _a102P :
_bill ;
_c30cm
502 _aThesis (M.Sc.) - Cairo University - Faculty Of Engineering - Department Of Chemical Engineering
530 _aIssued also as CD
653 4 _aManufacturing of new polymers formulations resistant to toxic agents
700 0 _aMostafa Kamel Hadhood ,
_eSupervisor
700 0 _aSahar Mohamed Elmarsafy ,
_eSupervisor
700 0 _aSayed Abd El magied Sherif ,
_eSupervisor
856 _uhttp://172.23.153.220/th.pdf
905 _aEsam
_eRevisor
905 _aNazla
_eCataloger
942 _2ddc
_cTH
999 _c85258
_d85258